00888 2200301 4500001002100000005001500021035002500036007000300061008004100064020002200105040001700127041000800144082001400152084001600166090002000182090002200202100002000224245005900244250004400303260005300347300004800400504002800448650003200476850001200508999002200520990002200542990002200564INLIS00000000003411020191030013739 a0010-031800000000053ta180302s2017 yoia g | ind d a978-602-450-109-9 aYOPDYOGbind0 aind04223a005.3 a005.3 Ted P aDEP 005.3 Ted P aCB-D.11 2017-16720 aTeduh Dirgahayu10aPemodelan kebutuhan perangkat lunak /cTeduh Dirgahayu aCetakan I Juni 2017 M / Ramadhan 1438 H aYogyakarta :bUniversitas Islam Indonesia,c2017 aviii, 72 halaman :bgambar, tabel ;c24 cm. aBibliografi: halaman 67 4aKomputer--xPerangkat lunak aYOPDYOG aCB-D.11/2017-1672 aCB-D.11/2017-1672 aCB-D.11/2017-1672